Statistics for WWII Quiz - Difficult

Click here to take the quiz!

General Stats

  • This quiz has been taken 468 times
  • The average score is 6 of 24

Answer Stats

Hint Answer % Correct
Where did Operation Overlord/Neptune take place?Normandy
88%
Name of plane which dropped bomb on HiroshimaEnola Gay
58%
World organisation created due to WW2United Nations
57%
What year did rationing begin in UK?1940
53%
Most used US weapon?M1 Garand
31%
Where did Operation Torch occur?North Africa
31%
Famous Japanese flagshipYamato
29%
Recognised leader of China in WW2Chiang Kai-Shek
25%
Only home British territory to be occupied by GermansChannel Islands
23%
Most used British weapon? (Do not need to specify make)Lee-Enfield
23%
What month and year did the Battle of Midway occur?June 1942
23%
Two countries still technically at warJapan and Russia
18%
Mountain on Iwo JimaMount Suribachi
18%
Which month and year did Rommel die on?October 1944
16%
Famous Bridge taken by British Airborne on D-DayPegasus Bridge
15%
How many Russian soldiers killed or captured at Leningrad1,000,000
13%
How many German planes were shot down in the Battle of Britain (round to nearest hundred)2,698
12%
Death count from explosion on Nagasaki at end of 1945?80,000
12%
Which month and year did Greece surrender to Germany on?April 1941
11%
Weapon labelled "Best single weapon" of Island HoppingM2A1 flamethrower
10%
Battle which opened the road to ParisBattle of Falaise
6%
Which battle holds the record for the costliest aerial combat? (still held today)Battle of Kursk
5%
Who said "If we have power, we'll never give it up again unless we're carried out of our offices as corpses"?Joseph Goebbels
4%
What was the first town to be liberated in France?Sainte Mere Eglise
2%

Score Distribution

Percentile by Number Answered

Percent of People with Each Score

Your Score History

You have not taken this quiz